000 01231nam a22002297a 4500
999 _c60068
_d60068
003 Ge_BSU
005 20230602174151.0
008 230602s2018ge xxu||||| |||| 00| 0 geo d
020 _a9788378932086
041 _ageo
080 _a791.43(479.22) ხ-93
100 _aხუნდაძე, ხათუნა
_918439
245 _a,,არაჩვეულებრივი გამოფენა" აგული ერისთავი :
_bმხატვ. ფილმი /
_cშემდგენეილი ხათუნა ხუნდაძე,რედ. მზია ქურცაძე, სცენარი რევაზ გაბრიაძე, რეჟისორი ელდარ შენგელაია
264 _bWojnowice
_c2018.
300 _a92 გვ.:
_bილ;
_c22 სმ.
653 _aკინო, ფოტოგრაფია.
700 _aქურცაძე, მზია
_eრედაქტორი
_918440
700 _aგაბრიაძე, რევაზ
_eსცენარი
_95534
700 _aშენგელაია, ელდარ
_eრეჟისორი
_918454
710 _aქართული ფილმი
_918452
942 _2udc
_cBK